000 00273nam a22001337a 4500
020 _a0-7214-0713-7
082 _a920
_bMOR/Q
100 _aMORRISON,IAN A
245 _aTHE QUEEN MOTHER
260 _aUK
_bLADY BIRD
300 _a51
650 _aBIOGRAPHY
_zUK
942 _cBK
999 _c6344
_d6344